| 000 | 00983nam a22003017a 4500 | ||
|---|---|---|---|
| 003 | CHAP | ||
| 005 | 20220329140036.0 | ||
| 008 | 971013s1986 r 10010 d | ||
| 010 | _a46080 | ||
| 011 | _a47052 | ||
| 035 | _a51193 | ||
| 040 | _cCHAP | ||
| 082 |
_a636.08 _bR46 1986 |
||
| 111 | 0 | 0 |
_aReunión de Investigación Pecuaria en México ( _d1986 _c: México, D. F.) _996311 |
| 245 | _aMemoria | ||
| 260 |
_aMéxico, D. F. : _bSecretaria de Agricultura y Recursos Hidráulicos, _c1986 |
||
| 300 | _a280 p. | ||
| 590 |
_aBATCH-UPD _b10 _c20130110 _lUCH01 _h1436 |
||
| 590 |
_aBATCH-UPD _b10 _c20130410 _lUCH01 _h0910 |
||
| 590 |
_aBATCH-UPD _b10 _c20130914 _lUCH01 _h1459 |
||
| 590 |
_aCONVERSION _b10 _c20130109 _lUCH01 _h1325 |
||
| 650 | 1 | 4 |
_aGanadería _xCongresos. _944677 |
| 650 | 1 | 4 |
_aGanadería _xInvestigación _zMéxico. _944808 |
| 710 | 0 |
_aINIFAP. México. _958722 |
|
| 901 | _aBK | ||
| 942 | _cLIBRO | ||
| 949 |
_a636.08 R46 1986 _bBC _cCONG _d-114692 _eCONG _h70978 _i51193 _si |
||
| 999 |
_c46080 _d46080 |
||